[Event "4NCL Division 3 South"]
[Site "Milton Keynes, ENG"]
[Date "2021.11.20"]
[Round "1.134"]
[White "Vaidya, Raghav"]
[Black "Ramesh, Karthik R"]
[Result "1-0"]
[WhiteElo "1760"]
[BlackElo "1308"]
[PlyCount "83"]
[EventDate "2021.11.20"]
[WhiteTeam "Barnet Knights B"]
[BlackTeam "Watford B"]

1. c4 Nf6 2. Nc3 Nc6 3. Nf3 g6 4. g3 Bg7 5. Bg2 O-O 6. d4 d5 7. cxd5 Nxd5 8. e4
Nb6 9. d5 Ne5 10. Nxe5 Bxe5 11. f4 Bg7 12. O-O e6 13. Be3 Qe7 14. Bxb6 axb6 15.
Qd2 Qc5+ 16. Kh1 Rd8 17. Rfd1 exd5 18. Nxd5 c6 19. Ne7+ Qxe7 20. Qxd8+ Bf8 21.
Qxe7 Bxe7 22. a3 c5 23. Rd2 Be6 24. e5 Ra7 25. Bd5 Bf5 26. Re1 b5 27. e6 f6 28.
Be4 Bxe6 29. Bxg6 Ra6 30. Rde2 Bd5+ 31. Be4 Bc4 32. Bxh7+ Kxh7 33. Rxe7+ Kg6
34. Rd1 Kf5 35. Kg2 Bb3 36. Rd2 Rc6 37. Kf3 b6 38. g4+ Kg6 39. f5+ Kh6 40. Rdd7
Bg8 41. Rg7 Rc8 42. Rg6# 1-0

[Event "4NCL Division 3 South"]
[Site "Milton Keynes, ENG"]
[Date "2021.11.20"]
[Round "1.135"]
[White "Keerthi Kumar, Advait"]
[Black "Sanfey, Gregor"]
[Result "0-1"]
[WhiteElo "1040"]
[BlackElo "1690"]
[PlyCount "86"]
[EventDate "2021.11.20"]
[WhiteTeam "Watford B"]
[BlackTeam "Barnet Knights B"]

1. e4 e5 2. Nf3 Nc6 3. Bc4 Bc5 4. b4 Bxb4 5. c3 Be7 6. d4 exd4 7. cxd4 d6 8.
O-O Nf6 9. Nc3 Bg4 10. Be3 O-O 11. Be2 d5 12. e5 Ne4 13. Rc1 Ba3 14. Nxe4 Bxc1
15. Nc5 Bxe3 16. fxe3 b6 17. Nd3 Ne7 18. Ng5 Bxe2 19. Qxe2 h6 20. Nh3 Ng6 21.
Nhf4 c6 22. Rf3 Qd7 23. Rg3 Qf5 24. h3 Rad8 25. Qd2 c5 26. Nf2 Nxf4 27. exf4 h5
28. Kh2 f6 29. Nd3 c4 30. Nb4 fxe5 31. fxe5 Qf4 32. Qc2 h4 33. Qc3 hxg3+ 34.
Qxg3 Qxg3+ 35. Kxg3 a5 36. Nc6 c3 37. Nxd8 Rxd8 38. Kf2 c2 39. Ke2 c1=Q 40. Kf3
Rf8+ 41. Ke2 Qc2+ 42. Ke3 Qe4+ 43. Kd2 Rf2+ 0-1

[Event "4NCL Division 3 South"]
[Site "Milton Keynes, ENG"]
[Date "2021.11.20"]
[Round "1.136"]
[White "Wolstenholme, Otis"]
[Black "Dasgupta, Biplab"]
[Result "1-0"]
[WhiteElo "1683"]
[BlackElo "999"]
[PlyCount "81"]
[EventDate "2021.11.20"]
[WhiteTeam "Barnet Knights B"]
[BlackTeam "Watford B"]

1. c4 Nc6 2. Nc3 e6 3. g3 Bb4 4. Bg2 Nf6 5. Nf3 O-O 6. O-O d6 7. a3 Bxc3 8.
bxc3 h6 9. Rb1 e5 10. d3 Qd7 11. h3 Rb8 12. Be3 b6 13. Kh2 e4 14. Nd2 exd3 15.
exd3 Re8 16. Nf3 Bb7 17. Re1 Ne5 18. Nxe5 dxe5 19. Bxb7 Rxb7 20. Qf3 e4 21.
dxe4 Nxe4 22. Bf4 f5 23. g4 c5 24. Rbd1 Qc6 25. gxf5 Rd7 26. Rxd7 Qxd7 27. Rxe4
Qf7 28. Rxe8+ Qxe8 29. Qe3 Qf7 30. Qe6 g5 31. Qxf7+ Kxf7 32. Bb8 a5 33. a4 Kf6
34. Bc7 Kxf5 35. Bxb6 h5 36. Bxa5 h4 37. Bb6 g4 38. hxg4+ Kxg4 39. a5 h3 40. a6
Kh4 41. a7 1-0

[Event "4NCL Division 3 South"]
[Site "Milton Keynes, ENG"]
[Date "2021.11.20"]
[Round "1.141"]
[White "Lewis, Stephen"]
[Black "Sanfey, Peter"]
[Result "1-0"]
[WhiteElo "1931"]
[BlackElo "1270"]
[PlyCount "47"]
[EventDate "2021.11.20"]
[WhiteTeam "Iceni 2"]
[BlackTeam "Barnet Knights D"]

1. e4 d6 2. d4 e5 3. d5 Nf6 4. Bd3 c5 5. c4 Be7 6. Nc3 O-O 7. Nge2 Bg4 8. f3
Bh5 9. Be3 Nbd7 10. Qd2 Bg6 11. O-O-O Qa5 12. g4 Ne8 13. Ng3 Nb6 14. h4 f6 15.
h5 Bf7 16. Nf5 Bd8 17. g5 fxg5 18. Bxg5 Nf6 19. Nxd6 Bxh5 20. Bxf6 Bxf3 21.
Bxg7 Bxd1 22. Bxf8 Kxf8 23. Qf2+ Ke7 24. Qf7+ 1-0

[Event "4NCL Division 3 South"]
[Site "Milton Keynes, ENG"]
[Date "2021.11.20"]
[Round "1.142"]
[White "Wolstenholme, Theo"]
[Black "Rosenbach, Martin"]
[Result "0-1"]
[WhiteElo "1345"]
[BlackElo "1938"]
[PlyCount "124"]
[EventDate "2021.11.20"]
[WhiteTeam "Barnet Knights D"]
[BlackTeam "Iceni 2"]

1. d4 Nf6 2. c4 e5 3. Nf3 exd4 4. Qxd4 Nc6 5. Qe3+ Be7 6. Nc3 O-O 7. g3 d5 8.
cxd5 Nxd5 9. Nxd5 Qxd5 10. Bg2 Bc5 11. Qf4 Bd6 12. Qg5 Bb4+ 13. Bd2 Bxd2+ 14.
Qxd2 Qxd2+ 15. Nxd2 Nd4 16. Rc1 c6 17. Rc4 Nb5 18. O-O Be6 19. Re4 Bxa2 20. Ra1
Bd5 21. Re7 Bxg2 22. Kxg2 Rab8 23. Ne4 Rfe8 24. Rxe8+ Rxe8 25. Nc3 Nxc3 26.
bxc3 a6 27. Rd1 a5 28. Rd7 Rb8 29. e4 a4 30. Rd4 Ra8 31. Rd1 a3 32. Kf3 a2 33.
Ra1 f6 34. Ke3 Kf7 35. Kd4 Ra5 36. Kd3 Ke6 37. f4 Kd6 38. Kc2 Ra4 39. Kb3 b5
40. Rxa2 Rxe4 41. Rd2+ Ke6 42. Rd4 Rxd4 43. cxd4 Kd5 44. Kc3 b4+ 45. Kxb4 Kxd4
46. h4 h5 47. Kb3 c5 48. Kc2 c4 49. Kc1 Ke3 50. Kd1 c3 51. f5 Kf3 52. g4 Kxg4
53. Kc2 Kxh4 54. Kxc3 Kg3 55. Kd3 Kf2 56. Ke4 h4 57. Kf4 h3 58. Kg4 h2 59. Kf4
h1=Q 60. Kg4 Qf3+ 61. Kh4 Qg3+ 62. Kh5 Qg5# 0-1

[Event "4NCL Division 3 South"]
[Site "Milton Keynes, ENG"]
[Date "2021.11.20"]
[Round "1.143"]
[White "Kenning, Paul H"]
[Black "Pang, Ethan"]
[Result "1-0"]
[WhiteElo "1865"]
[BlackElo "1272"]
[PlyCount "95"]
[EventDate "2021.11.20"]
[WhiteTeam "Iceni 2"]
[BlackTeam "Barnet Knights D"]

1. d4 Nf6 2. Bf4 e6 3. e3 Nc6 4. Nd2 b6 5. c3 Bb7 6. e4 d6 7. Ngf3 Be7 8. Bd3
e5 9. Bg5 h6 10. Be3 Qd7 11. d5 Nb8 12. h3 Na6 13. Qe2 Nc5 14. Bxc5 bxc5 15.
Nc4 c6 16. Na5 Rb8 17. Nxb7 Rxb7 18. a4 O-O 19. dxc6 Qxc6 20. Bb5 Qc7 21. O-O
Rbb8 22. Rfd1 Rb6 23. Rac1 Qb7 24. c4 a6 25. a5 axb5 26. axb6 bxc4 27. Rxc4
Qxb6 28. Ne1 Qb5 29. Rc2 Qa4 30. Qc4 Qc6 31. f3 d5 32. exd5 Nxd5 33. Re2 Ra8
34. Qc2 Qf6 35. Nd3 Ra5 36. Nxe5 Nf4 37. Ree1 Qg5 38. Ng4 f5 39. Re5 g6 40.
Rde1 Bd6 41. Qb3+ Kg7 42. Qb7+ Kg8 43. Re8+ Bf8 44. Qc8 Kg7 45. Rxf8 fxg4 46.
Rg8+ Kh7 47. Rh8+ Kg7 48. Qf8# 1-0

[Event "4NCL Division 3 South"]
[Site "Milton Keynes, ENG"]
[Date "2021.11.20"]
[Round "1.144"]
[White "Vaidya, Pranav"]
[Black "Ruthen, Stephen W"]
[Result "0-1"]
[WhiteElo "1154"]
[BlackElo "1816"]
[PlyCount "44"]
[EventDate "2021.11.20"]
[WhiteTeam "Barnet Knights D"]
[BlackTeam "Iceni 2"]

1. e4 e5 2. Nf3 Nc6 3. Bc4 Nf6 4. d3 Be7 5. c3 O-O 6. O-O d5 7. exd5 Nxd5 8.
Bb3 Bg4 9. Nbd2 Nf4 10. h3 Bh5 11. d4 exd4 12. cxd4 Nxd4 13. g4 Nxh3+ 14. Kg2
Nf4+ 15. Kg3 Nde2+ 16. Kh2 Bxg4 17. Nc4 Qxd1 18. Rxd1 Bxf3 19. Bxf4 Nxf4 20.
Rd7 Ng6 21. Rxc7 b5 22. Ne5 Bd6 0-1

[Event "4NCL Division 3 South"]
[Site "Milton Keynes, ENG"]
[Date "2021.11.20"]
[Round "1.145"]
[White "Feavyour, John A"]
[Black "Lee, Xander"]
[Result "1-0"]
[WhiteElo "1849"]
[BlackElo "1000"]
[PlyCount "47"]
[EventDate "2021.11.20"]
[WhiteTeam "Iceni 2"]
[BlackTeam "Barnet Knights D"]

1. d4 d5 2. c4 e6 3. Nc3 Nf6 4. Bg5 Be7 5. e3 h6 6. Bh4 Ne4 7. Bxe7 Qxe7 8. Bd3
Nxc3 9. bxc3 Nc6 10. Rb1 dxc4 11. Bxc4 b6 12. Nf3 Bb7 13. O-O O-O-O 14. Qe2 Qa3
15. Rb3 Qa5 16. Qb2 Ne7 17. Ne5 Rhf8 18. Ra3 Rd5 19. Rxa5 Rxa5 20. Nxf7 Nd5 21.
Ne5 Rf5 22. e4 Rg5 23. exd5 Bxd5 24. Bxd5 1-0

[Event "4NCL Division 3 South"]
[Site "Milton Keynes, ENG"]
[Date "2021.11.20"]
[Round "1.146"]
[White "Morin, Julian"]
[Black "Donaghay, Richard H"]
[Result "1/2-1/2"]
[WhiteElo "1000"]
[BlackElo "1818"]
[PlyCount "97"]
[EventDate "2021.11.20"]
[WhiteTeam "Barnet Knights D"]
[BlackTeam "Iceni 2"]

1. d4 d6 2. e4 Nf6 3. Nc3 c6 4. a4 Bg4 5. Be2 Bxe2 6. Ngxe2 g6 7. Be3 Bg7 8. h3
Nbd7 9. Qd2 Qc7 10. Bh6 Bxh6 11. Qxh6 O-O-O 12. b4 g5 13. h4 gxh4 14. Rxh4 Rhg8
15. g3 Rg6 16. Qd2 Nb6 17. Qd3 d5 18. a5 Nc4 19. e5 Nxe5 20. dxe5 Qxe5 21. a6
b6 22. Qe3 Qd6 23. Qd3 e5 24. Qf5+ Kb8 25. f4 e4 26. Qe5 d4 27. Qxd6+ Rxd6 28.
f5 Rg5 29. Nxe4 Nxe4 30. Rxe4 Rxf5 31. Nxd4 Rh5 32. Ke2 Rh2+ 33. Kf3 Kc7 34. b5
Rf6+ 35. Ke3 c5 36. Re7+ Kd6 37. Nc6 c4 38. Rxa7 Re6+ 39. Kd4 Rhe2 40. Ra2 f5
41. Rf7 R6e4+ 42. Kc3 R4e3+ 43. Kb2 Rb3+ 44. Kc1 Rxg3 45. Rf6+ Kc7 46. a7 c3
47. Rf7+ Kd6 48. Rf6+ Kd7 49. Nb8+ {#d} 1/2-1/2

[Event "4NCL Division 3 South"]
[Site "Milton Keynes, ENG"]
[Date "2021.11.20"]
[Round "1.151"]
[White "Cox, Toby"]
[Black "Dhemrait, Jagdeep"]
[Result "1-0"]
[WhiteElo "2058"]
[BlackElo "1810"]
[PlyCount "29"]
[EventDate "2021.11.20"]
[WhiteTeam "MK Phoenix 1"]
[BlackTeam "Cambridge University 3"]

1. e4 c5 2. d4 cxd4 3. c3 dxc3 4. Nxc3 Nc6 5. Nf3 d6 6. Bc4 Nf6 7. e5 dxe5 8.
Qxd8+ Kxd8 9. Ng5 Nd4 10. Nxf7+ Ke8 11. Nxh8 Nc2+ 12. Ke2 Nxa1 13. Nb5 Rb8 14.
Be3 a6 15. Rd1 1-0

[Event "4NCL Division 3 South"]
[Site "Milton Keynes, ENG"]
[Date "2021.11.20"]
[Round "1.152"]
[White "Dhemrait, Surjit S"]
[Black "Brown, Alan M"]
[Result "0-1"]
[WhiteElo "1518"]
[BlackElo "2008"]
[PlyCount "106"]
[EventDate "2021.11.20"]
[WhiteTeam "Cambridge University 3"]
[BlackTeam "MK Phoenix 1"]

1. e4 e6 2. Nc3 d5 3. exd5 exd5 4. d4 Nf6 5. Bg5 Be7 6. h3 O-O 7. Nf3 Nc6 8.
Bd3 Nb4 9. O-O Nxd3 10. Qxd3 Be6 11. Rfe1 Re8 12. Qb5 Qc8 13. Re3 c6 14. Qd3 h6
15. Bxf6 Bxf6 16. Rae1 Qc7 17. Ne5 Bg5 18. R3e2 Rad8 19. Nd1 Qc8 20. Qg3 Bf5
21. f4 Bf6 22. Ne3 Bxe5 23. dxe5 d4 24. Nc4 d3 25. cxd3 Bxd3 26. Nd6 Rxd6 27.
Rd2 Rd5 28. Rxd3 Rxd3 29. Qxd3 Rd8 30. Qb3 Qd7 31. Kh2 Qd2 32. Re3 Qf2 33. Rf3
Qb6 34. Qc4 Rd4 35. Qc1 Qd8 36. Qe1 Qd5 37. Qe3 c5 38. Rg3 Qe4 39. Qc3 c4 40.
b3 Qxf4 41. bxc4 Rxc4 42. Qb2 Rb4 43. Qc3 Qc4 44. Qe3 Qd4 45. Qe1 Rb6 46. Rg4
Qd3 47. Qc1 Rc6 48. Qf4 Re6 49. Rg3 Qd5 50. Rb3 b6 51. Rf3 Qxe5 52. Qxe5 Rxe5
53. Rc3 Re7 0-1

[Event "4NCL Division 3 South"]
[Site "Milton Keynes, ENG"]
[Date "2021.11.20"]
[Round "1.153"]
[White "Lambourne, Dan M"]
[Black "Nettleton, Robin"]
[Result "1-0"]
[WhiteElo "1983"]
[BlackElo "1333"]
[PlyCount "53"]
[EventDate "2021.11.20"]
[WhiteTeam "MK Phoenix 1"]
[BlackTeam "Cambridge University 3"]

1. d4 d5 2. Nf3 Bg4 3. e3 Nf6 4. Be2 Bxf3 5. Bxf3 e6 6. c4 c6 7. Nd2 Be7 8. O-O
O-O 9. b3 Nbd7 10. Bb2 Qc7 11. Rc1 Nb6 12. e4 dxe4 13. Nxe4 Nxe4 14. Bxe4 Rad8
15. d5 Rd7 16. Qg4 e5 17. dxc6 bxc6 18. Qf5 g6 19. Qxe5 Qxe5 20. Bxe5 Rc8 21.
Rcd1 c5 22. Bf3 f5 23. Rfe1 Rxd1 24. Rxd1 Rd8 25. Rxd8+ Bxd8 26. Bd6 Nd7 27.
Bc6 1-0

[Event "4NCL Division 3 South"]
[Site "Milton Keynes, ENG"]
[Date "2021.11.20"]
[Round "1.154"]
[White "Phillips, William"]
[Black "Mubiru, Richard"]
[Result "1-0"]
[WhiteElo "1819"]
[BlackElo "1640"]
[PlyCount "61"]
[EventDate "2021.11.20"]
[WhiteTeam "Cambridge University 3"]
[BlackTeam "War and Piece B"]

1. d4 d5 2. Nf3 Bg4 3. e3 e6 4. Bd3 a6 5. O-O Qf6 6. e4 Bxf3 7. Qxf3 Qxf3 8.
gxf3 dxe4 9. fxe4 Nc6 10. c3 O-O-O 11. Be3 f6 12. Nd2 h5 13. b4 g5 14. a4 Bh6
15. b5 Nb8 16. bxa6 Nxa6 17. Bxa6 bxa6 18. Rab1 Rd6 19. Rb3 g4 20. Rfb1 Bxe3
21. Rb8+ Kd7 22. fxe3 Rb6 23. c4 a5 24. c5 Ra6 25. Rf8 Ke7 26. Rbb8 Ra7 27. d5
exd5 28. exd5 f5 29. Nc4 Rh6 30. Rbe8+ Kd7 31. Ne5# 1-0

[Event "4NCL Division 3 South"]
[Site "Milton Keynes, ENG"]
[Date "2021.11.20"]
[Round "1.155"]
[White "Duesbury, Brad"]
[Black "Sartain, Patrick"]
[Result "0-1"]
[WhiteElo "1650"]
[BlackElo "1444"]
[PlyCount "60"]
[EventDate "2021.11.20"]
[WhiteTeam "War and Piece B"]
[BlackTeam "Cambridge University 3"]

1. e4 e6 2. d4 h6 3. Nf3 a6 4. Bc4 Nc6 5. Nc3 b5 6. Bb3 Na5 7. Be3 Nxb3 8. axb3
Bb7 9. d5 b4 10. Ne2 exd5 11. exd5 Nf6 12. Nf4 Bd6 13. Qd4 O-O 14. O-O Re8 15.
Bd2 Re4 16. Qd3 Bxf4 17. Bxf4 Rxf4 18. Rfe1 Bxd5 19. Re5 Bxf3 20. gxf3 d6 21.
Rea5 Nd7 22. Rxa6 Rxa6 23. Qxa6 Qg5+ 24. Kf1 Ne5 25. Ra5 Qh4 26. Rxe5 Qh3+ 27.
Kg1 dxe5 28. Qc6 Rd4 29. Qa8+ Kh7 30. Qa1 Qxf3 {#R} 0-1

[Event "4NCL Division 3 South"]
[Site "Milton Keynes, ENG"]
[Date "2021.11.20"]
[Round "1.156"]
[White "Goldsmith, Jennifer"]
[Black "Parsons, Ben D"]
[Result "0-1"]
[WhiteElo "1316"]
[BlackElo "1390"]
[PlyCount "116"]
[EventDate "2021.11.20"]
[WhiteTeam "Cambridge University 3"]
[BlackTeam "War and Piece B"]

1. d4 d5 2. Nf3 Nc6 3. Bf4 e6 4. Nbd2 Nf6 5. h3 Be7 6. e3 a6 7. a3 b5 8. Bd3
Bb7 9. O-O O-O 10. c3 Bd6 11. Bxd6 cxd6 12. Bc2 Re8 13. Re1 Qd7 14. e4 dxe4 15.
Nxe4 Nxe4 16. Rxe4 Ne7 17. Re1 h6 18. Qd3 Nf5 19. Rac1 Bd5 20. Nd2 Rac8 21. Ne4
Bc4 22. Qd1 Qc6 23. Qg4 Kf8 24. Qf4 Rcd8 25. Qf3 Bd5 26. Qd3 Nh4 27. Qg3 Ng6
28. Rcd1 e5 29. dxe5 Rxe5 30. Nd2 Rg5 31. Qh2 Rxg2+ 32. Qxg2 Bxg2 33. Kh2 Bd5
34. Rg1 Qc7 35. Nf1 Bc6 36. Rd4 Ne5 37. Nd2 Re8 38. Rg3 Re6 39. Bb3 Rf6 40. f4
Ng6 41. Bc2 d5 42. f5 Nf4 43. Bd3 Nxd3 44. Rdxd3 Rxf5 45. Kg1 Qb6+ 46. Rd4 g5
47. Nf3 f6 48. Kg2 Kf7 49. Nd2 Rf4 50. Nb3 Rxd4 51. Nxd4 a5 52. Re3 Bd7 53. Rd3
b4 54. axb4 axb4 55. Ne2 Bb5 56. Rd2 Bxe2 57. Rxe2 bxc3 58. bxc3 Qc6 0-1

[Event "4NCL Division 3 South"]
[Site "Milton Keynes, ENG"]
[Date "2021.11.20"]
[Round "1.157"]
[White "Morrison, Munroe L"]
[Black "Freeman, Richard C P"]
[Result "0-1"]
[WhiteElo "1717"]
[BlackElo "2016"]
[PlyCount "88"]
[EventDate "2021.11.20"]
[WhiteTeam "War and Piece B"]
[BlackTeam "MK Phoenix 1"]

1. e4 c5 2. Nf3 g6 3. c3 Bg7 4. d4 cxd4 5. cxd4 d5 6. e5 Nc6 7. h3 Nh6 8. Bd2
O-O 9. Be2 f6 10. Bc3 fxe5 11. dxe5 Nf7 12. e6 Bxe6 13. Bxg7 Kxg7 14. Nc3 Qa5
15. O-O Rad8 16. Nd4 Bc8 17. Nb3 Qc7 18. Bf3 e6 19. Nd4 Qf4 20. Nde2 Qf6 21.
Ng3 Nd4 22. Bg4 Ne5 23. f4 Nxg4 24. hxg4 Nc6 25. Qd2 Qh4 26. Nce2 Qxg4 27. Rf3
e5 28. f5 Bxf5 29. Nxf5+ Rxf5 30. Rg3 Qb4 31. Qc1 Qb6+ 32. Kh2 Rh5+ 33. Rh3
Rxh3+ 34. Kxh3 Qf2 35. Ng3 Qf4 36. Qc5 h5 37. Rf1 Qg4+ 38. Kh2 Qh4+ 39. Kg1
Qxg3 40. Qb5 Qe3+ 41. Kh1 Rd7 42. Rf3 Qe1+ 43. Kh2 Qh4+ 44. Kg1 Qc4 0-1

[Event "4NCL Division 3 South"]
[Site "Milton Keynes, ENG"]
[Date "2021.11.20"]
[Round "1.158"]
[White "Elwin, Adrian G"]
[Black "Chapman, Chas"]
[Result "1-0"]
[WhiteElo "1993"]
[BlackElo "1675"]
[PlyCount "65"]
[EventDate "2021.11.20"]
[WhiteTeam "MK Phoenix 1"]
[BlackTeam "War and Piece B"]

1. d4 Nf6 2. c4 g6 3. Nc3 Bg7 4. e4 O-O 5. Be2 d6 6. Nf3 Re8 7. h3 e5 8. dxe5
dxe5 9. Qxd8 Rxd8 10. Bg5 Re8 11. O-O-O Nc6 12. Rhe1 a6 13. Nd5 Nxd5 14. cxd5
Nd4 15. Nxd4 exd4 16. Bd3 b5 17. Kb1 Bb7 18. Rc1 Rac8 19. f3 h6 20. Bf4 c6 21.
dxc6 Rxc6 22. Rxc6 Bxc6 23. Rc1 Rc8 24. a4 bxa4 25. Bxa6 Bxe4+ 26. fxe4 Rxc1+
27. Kxc1 f5 28. exf5 gxf5 29. Bd3 Kf7 30. Bxf5 Kf6 31. Bc2 h5 32. Bxa4 Kf5 33.
Bd2 1-0

[Event "4NCL Division 3 South"]
[Site "Milton Keynes, ENG"]
[Date "2021.11.20"]
[Round "1.159"]
[White "Thomas, Jacob"]
[Black "Valentine, Brian J"]
[Result "1/2-1/2"]
[WhiteElo "1498"]
[BlackElo "1928"]
[PlyCount "82"]
[EventDate "2021.11.20"]
[WhiteTeam "War and Piece B"]
[BlackTeam "MK Phoenix 1"]

1. e4 e5 2. Nf3 Nc6 3. Bb5 a6 4. Bxc6 dxc6 5. O-O Qd6 6. d4 exd4 7. Qxd4 Bg4 8.
Nbd2 Qxd4 9. Nxd4 O-O-O 10. N2b3 Ne7 11. f3 Bd7 12. Be3 Ng6 13. Rad1 Bd6 14.
Rd2 Ne5 15. c3 Rde8 16. Rfd1 f5 17. Nxf5 Bxf5 18. exf5 Nc4 19. Bd4 Nxd2 20.
Rxd2 Rhf8 21. Bxg7 Rxf5 22. Nd4 Rh5 23. g4 Bf4 24. Rg2 Rd5 25. Re2 Rxe2 26.
Nxe2 Rd1+ 27. Kf2 Bxh2 28. f4 Rd2 29. f5 Kd7 30. c4 Rc2 31. Bc3 Bd6 32. Ke3 Ke7
33. Kd3 Rxc3+ 34. Nxc3 Be5 35. b3 h5 36. gxh5 Kf6 37. Ne4+ Kxf5 38. Nc5 b6 39.
Nxa6 Kg5 40. Nb4 c5 41. Nc6 Bh2 1/2-1/2